000 00623nam a2200205Ia 4500
008 220216s9999 xx 000 0 und d
100 _aZattera A J
245 0 _aInfluence of composition and crosslinking on mechanical and thermal properties of recycled polyethylene/EVA mixtures
260 _bProgress in Rubber, Plastics and Recycling Technology
_c2006
300 _a69-87
650 _aCrosslinking
650 _aMechanical properties
650 _aThermal properties
700 _aBianchi O
700 _aCanto L B
700 _aFerreira C A
700 _aOliveira R V B
700 _aZeni M
942 _cJS
999 _c61199
_d61199